Top 50 Grootste Nederlandse Gemeentes - Statistieken

Algemene statistieken
  • Deze quiz is 118 keer genomen
  • De gemiddelde score is 31 van 50
Antwoordstatistieken
Rank Antwoord Inwoners % Correct
1 Amsterdam 863.202
100%
2 Rotterdam 644.527
100%
6 Groningen 231.354
96%
3 Den Haag 537.988
95%
4 Utrecht 352.795
94%
23 Maastricht 121.623
90%
22 Leeuwarden 123.114
88%
13 Arnhem 159.277
85%
5 Eindhoven 231.469
85%
7 Tilburg 217.342
83%
9 Breda 184.069
81%
17 's Hertogenbosch 154.231
81%
21 Leiden 124.797
80%
19 Zwolle 127.492
79%
8 Almere 207.819
77%
11 Apeldoorn 162.456
77%
14 Enschede 158961
77%
12 Haarlem 161.213
77%
10 Nijmegen 176.707
77%
27 Alkmaar 108.578
73%
31 Venlo 101.578
73%
46 Lelystad 77.872
72%
15 Amersfoort 156.294
70%
29 Emmen 107.111
68%
24 Dordrecht 118.667
65%
30 Delft 103.217
63%
32 Deventer 99.941
63%
25 Ede 115.732
62%
49 Gouda 73.161
60%
37 Hilversum 90.198
59%
39 Heerlen 86.826
58%
43 Hengelo 80.660
56%
47 Roosendaal 77.072
56%
35 Oss 91.437
53%
20 Zoetermeer 124.947
52%
33 Sittard-Geleen 92.627
49%
16 Zaanstad 155.799
48%
50 Hoorn 73.037
46%
26 Alphen aan den Rijn 111.036
42%
34 Helmond 91.535
42%
18 Haarlemmermeer 154.223
40%
45 Schiedam 78.094
37%
44 Purmerend 80.147
33%
36 Amstelveen 90.827
32%
48 Leidschendam-Voorburg 75.405
17%
38 Súdwest-Fryslân 89.705
12%
28 Westland 108.576
12%
42 Meierijstad 80.823
10%
40 Hoeksche Waard 86.642
7%
41 Nissewaard 84.797
4%
Geen overeenkomende quizzen gevonden
Scoreverdeling
Procent van Mensen met Elke Score
Percentiel versus Aantal Correcte Antwoorden
Uw Scoregeschiedenis
U heeft deze quiz nog niet genomen